UM Logo
Normal view MARC view
  • Ocong, Daniel R.

Entry Personal Name

Number of records used in: 1

001 - CONTROL NUMBER

  • control field: 5564

003 - CONTROL NUMBER IDENTIFIER

  • control field: OSt

005 - DATE AND TIME OF LATEST TRANSACTION

  • control field: 20160414180353.0

008 - FIXED-LENGTH DATA ELEMENTS

  • fixed length control field: 160414|| aca||aabn | a|a d

040 ## - CATALOGING SOURCE

  • Original cataloging agency: OSt

100 ## - HEADING--PERSONAL NAME

  • Personal name: Ocong, Daniel R.